<?xml version="1.0" encoding="UTF-8"?>
<collection xmlns="http://www.loc.gov/MARC21/slim">
    <record>
        <controlfield tag="001">70737</controlfield>
        <controlfield tag="005">20200324135213.0</controlfield>
        <datafield tag="024" ind1="7" ind2=" ">
            <subfield code="2">doi</subfield>
            <subfield code="a">10.1093/neuonc/nox036.228</subfield>
        </datafield>
        <datafield tag="024" ind1="8" ind2=" ">
            <subfield code="2">sideral</subfield>
            <subfield code="a">101470</subfield>
        </datafield>
        <datafield tag="037" ind1=" " ind2=" ">
            <subfield code="a">ART-2017-101470</subfield>
        </datafield>
        <datafield tag="041" ind1=" " ind2=" ">
            <subfield code="a">eng</subfield>
        </datafield>
        <datafield tag="100" ind1=" " ind2=" ">
            <subfield code="a">Martínez-González, Alicia</subfield>
        </datafield>
        <datafield tag="245" ind1=" " ind2=" ">
            <subfield code="a">Combined in-silico and on-chip validation of pseudopalisade formation hypothesis in Glioblastoma</subfield>
        </datafield>
        <datafield tag="260" ind1=" " ind2=" ">
            <subfield code="c">2017</subfield>
        </datafield>
        <datafield tag="506" ind1="0" ind2=" ">
            <subfield code="a">Access copy available to the general public</subfield>
            <subfield code="f">Unrestricted</subfield>
        </datafield>
        <datafield tag="520" ind1="3" ind2=" ">
            <subfield code="a">Introduction: 
Hypercellular regions surrounding necrotic areas in glioblastoma (GBM), named pseudopalisades, are characteristic of these tumors and have been hypothesized to be waves of migrating GBM cells. These structures are thought to be induced by oxygen depletion caused by the accumulation of cells far from nutrient supplies (chronic hypoxia) and/or tumor-induced blood vessel occlusion (acute hypoxia). The universal appearance of these structures in GBM suggests that they may play an instrumental role in their spreading and invasion. However the validation of the mechanisms of pseudopalisade formation has remained challenging. 
Materials and methods: 
A mathematical model was developed incorporating the main mechanisms of pseudopalisade formation. Oxygen coming from straight vessels drives phenotype changes. A third phenotype was included accounting for hypoxic cells switching back to a more proliferative phenotype in regions of normoxia. Experiments were done by embedding different densities of U-251 MG cells within a collagen hydrogel in a custom-designed microfluidic device. By controlling the medium flow through lateral microchannels, we mimic and control blood-vessel obstruction events associated with this disease. 
Results: 
Nutrient and oxygen starvation triggered a strong migratory process leading to pseudopalisade generation in silico and in vitro. Also, cells at greatest distance from oxygen supply became hypoxic after a critical point in tumor growth was reached (due to increased metabolism) forming pseudopalisades both in silico and in vitro. All the elements included in the mathematical model were necessary to describe both types of phenomena pointing out to the insufficiency of the go-or-grow hypothesis to describe pseudopalisade formation on-chip. 
Conclusions: Using a combination of computational and experimental techniques, we proved the feasibility of the two hypotheses of pseudopalisade formation, driven by either acute or chronic hypoxia. Additionally, we verified the potential of microfluidic devices as advanced artificial systems capable of experimentally modeling nutrient and oxygen gradients during tumor evolution.</subfield>
        </datafield>
        <datafield tag="536" ind1=" " ind2=" ">
            <subfield code="9">info:eu-repo/grantAgreement/ES/FIS/PI12-00775</subfield>
            <subfield code="9">info:eu-repo/grantAgreement/ES/FIS/PI13-01258</subfield>
            <subfield code="9">info:eu-repo/grantAgreement/ES/ISCIII/RD12-0036-0027</subfield>
            <subfield code="9">info:eu-repo/grantAgreement/ES/MICINN/MTM2012-31073</subfield>
            <subfield code="9">info:eu-repo/grantAgreement/ES/MINECO/BES-2012-059940</subfield>
            <subfield code="9">info:eu-repo/grantAgreement/ES/MINECO/BIO2016-79092-R</subfield>
            <subfield code="9">info:eu-repo/grantAgreement/ES/MINECO/DPI2015-65401-C3-1-R</subfield>
            <subfield code="9">info:eu-repo/grantAgreement/ES/MINECO/MTM2015-71200-R</subfield>
        </datafield>
        <datafield tag="540" ind1=" " ind2=" ">
            <subfield code="9">info:eu-repo/semantics/openAccess</subfield>
            <subfield code="a">All rights reserved</subfield>
            <subfield code="u">http://www.europeana.eu/rights/rr-f/</subfield>
        </datafield>
        <datafield tag="590" ind1=" " ind2=" ">
            <subfield code="a">9.384</subfield>
            <subfield code="b">2017</subfield>
        </datafield>
        <datafield tag="591" ind1=" " ind2=" ">
            <subfield code="a">ONCOLOGY</subfield>
            <subfield code="b">15 / 223 = 0.067</subfield>
            <subfield code="c">2017</subfield>
            <subfield code="d">Q1</subfield>
            <subfield code="e">T1</subfield>
        </datafield>
        <datafield tag="591" ind1=" " ind2=" ">
            <subfield code="a">CLINICAL NEUROLOGY</subfield>
            <subfield code="b">9 / 197 = 0.046</subfield>
            <subfield code="c">2017</subfield>
            <subfield code="d">Q1</subfield>
            <subfield code="e">T1</subfield>
        </datafield>
        <datafield tag="592" ind1=" " ind2=" ">
            <subfield code="a">4.064</subfield>
            <subfield code="b">2017</subfield>
        </datafield>
        <datafield tag="593" ind1=" " ind2=" ">
            <subfield code="a">Cancer Research</subfield>
            <subfield code="c">2017</subfield>
            <subfield code="d">Q1</subfield>
        </datafield>
        <datafield tag="593" ind1=" " ind2=" ">
            <subfield code="a">Oncology</subfield>
            <subfield code="c">2017</subfield>
            <subfield code="d">Q1</subfield>
        </datafield>
        <datafield tag="593" ind1=" " ind2=" ">
            <subfield code="a">Neurology (clinical)</subfield>
            <subfield code="c">2017</subfield>
            <subfield code="d">Q1</subfield>
        </datafield>
        <datafield tag="655" ind1=" " ind2="4">
            <subfield code="a">info:eu-repo/semantics/article</subfield>
            <subfield code="v">info:eu-repo/semantics/acceptedVersion</subfield>
        </datafield>
        <datafield tag="700" ind1=" " ind2=" ">
            <subfield code="a">Ayuso, Jose Maria</subfield>
        </datafield>
        <datafield tag="700" ind1=" " ind2=" ">
            <subfield code="a">Monge, Rosa</subfield>
        </datafield>
        <datafield tag="700" ind1=" " ind2=" ">
            <subfield code="0">(orcid)0000-0003-3660-8651</subfield>
            <subfield code="a">Virumbrales-Muñoz, Maria</subfield>
            <subfield code="u">Universidad de Zaragoza</subfield>
        </datafield>
        <datafield tag="700" ind1=" " ind2=" ">
            <subfield code="0">(orcid)0000-0002-5731-8840</subfield>
            <subfield code="a">Llamazares, Guillermo A.</subfield>
        </datafield>
        <datafield tag="700" ind1=" " ind2=" ">
            <subfield code="a">Hernández-Laín, A.</subfield>
        </datafield>
        <datafield tag="700" ind1=" " ind2=" ">
            <subfield code="a">Sánchez-Gómez, Pilar</subfield>
        </datafield>
        <datafield tag="700" ind1=" " ind2=" ">
            <subfield code="a">Pérez-García, Victor</subfield>
        </datafield>
        <datafield tag="700" ind1=" " ind2=" ">
            <subfield code="0">(orcid)0000-0001-5376-4440</subfield>
            <subfield code="a">Fernández, Luis</subfield>
            <subfield code="u">Universidad de Zaragoza</subfield>
        </datafield>
        <datafield tag="700" ind1=" " ind2=" ">
            <subfield code="0">(orcid)0000-0003-2410-5678</subfield>
            <subfield code="a">Ochoa, Ignacio</subfield>
            <subfield code="u">Universidad de Zaragoza</subfield>
        </datafield>
        <datafield tag="710" ind1="2" ind2=" ">
            <subfield code="1">1003</subfield>
            <subfield code="2">443</subfield>
            <subfield code="a">Universidad de Zaragoza</subfield>
            <subfield code="b">Dpto. Anatom.Histolog.Humanas</subfield>
            <subfield code="c">Area Histología</subfield>
        </datafield>
        <datafield tag="710" ind1="2" ind2=" ">
            <subfield code="1">1002</subfield>
            <subfield code="2">060</subfield>
            <subfield code="a">Universidad de Zaragoza</subfield>
            <subfield code="b">Dpto. Bioq.Biolog.Mol. Celular</subfield>
            <subfield code="c">Área Bioquímica y Biolog.Mole.</subfield>
        </datafield>
        <datafield tag="710" ind1="2" ind2=" ">
            <subfield code="1">5004</subfield>
            <subfield code="2">605</subfield>
            <subfield code="a">Universidad de Zaragoza</subfield>
            <subfield code="b">Dpto. Ingeniería Mecánica</subfield>
            <subfield code="c">Área Mec.Med.Cont. y Teor.Est.</subfield>
        </datafield>
        <datafield tag="773" ind1=" " ind2=" ">
            <subfield code="g">19, Suppl. 3 (2017), [7 pp.]</subfield>
            <subfield code="p">Neuro-oncology</subfield>
            <subfield code="t">NEURO-ONCOLOGY</subfield>
            <subfield code="x">1522-8517</subfield>
        </datafield>
        <datafield tag="856" ind1="4" ind2=" ">
            <subfield code="s">438812</subfield>
            <subfield code="u">http://zaguan.unizar.es/record/70737/files/texto_completo.pdf</subfield>
            <subfield code="y">Postprint</subfield>
        </datafield>
        <datafield tag="856" ind1="4" ind2=" ">
            <subfield code="s">80946</subfield>
            <subfield code="u">http://zaguan.unizar.es/record/70737/files/texto_completo.jpg?subformat=icon</subfield>
            <subfield code="x">icon</subfield>
            <subfield code="y">Postprint</subfield>
        </datafield>
        <datafield tag="909" ind1="C" ind2="O">
            <subfield code="o">oai:zaguan.unizar.es:70737</subfield>
            <subfield code="p">articulos</subfield>
            <subfield code="p">driver</subfield>
        </datafield>
        <datafield tag="951" ind1=" " ind2=" ">
            <subfield code="a">2020-03-24-10:01:14</subfield>
        </datafield>
        <datafield tag="980" ind1=" " ind2=" ">
            <subfield code="a">ARTICLE</subfield>
        </datafield>
    </record>

    
</collection>